| 000 | 01048nam a22002897a 4500 | ||
|---|---|---|---|
| 001 | 7970 | ||
| 003 | FISKH | ||
| 005 | 20250815120814.0 | ||
| 008 | 250815b cb ||||| |||| 00| 0 eng d | ||
| 020 | _a9781434227607 | ||
| 040 |
_aFISKH _beng _cFISKH _dFISKH |
||
| 050 | _aPZ7.S968294 S | ||
| 082 | _a813.6 | ||
| 100 | _aSutton, Laurie | ||
| 245 |
_aSword of the dragon / _cWitten by Laurie Sutton : Illustrated by Dan Schoening |
||
| 260 |
_aMinnesota : _bStone Arch Books , _c2013. |
||
| 300 |
_a48 pages : _bcolor illustrations ; _c19 cm . |
||
| 490 | _aDC Super Heroes (Wonder Woman) | ||
| 505 | _aM | ||
| 520 | _aWonder Woman sees a message in the clouds instructing her to go to Stonehenge, where she finds a group of tourists being held hostage by Morgaine Le Fey, who demands Wonder Woman steal the Star Sword of Merlin. | ||
| 521 | 8 |
_a550
_bLexile |
|
| 521 | 8 |
_aM
_bRaz-Plus |
|
| 650 |
_aSuperheroes _vFiction and Literature |
||
| 700 |
_aSchoening, Dan _eIllustrator |
||
| 942 |
_2ddc _cBK _n0 |
||
| 999 |
_c7970 _d7970 |
||